00689nam a2200205 a 45000010005000000030005000050050017000100080041000270400020000681000025000882450066001132600038001793000010002175000071002275000026002986500036003249420013003609990015003739520095003882202CDMR20131007164156.0130130s1993||||||||||||||||||||||||||||d aCDMRbcatcCDMR1 aSol Clot, Romà94713aLa premsa de Lleida dia a diacRomà Sol Clot i Carme Torres aLleidac1993bNou Diari de Lleida c30 cm aEn format de dietari, el text ocupa la part inferior de cada plana aAl llom "Agenda 1994"0491635aPremsazLleiday1808-1916 cMON2udc c2202d2202 00104070aCDMRbCDMRd2013-01-16l0oDu 8/12pCDMR131080203r2013-01-16w2013-01-16yMON